000 00535nam a2200169 i 4500
001 33716
003 ES-MaACL
005 20230906154817.0
007 t|
008 030203s1958 sp ||||1| spa d
100 1 _aBissonnette, Georges.
_929022
245 1 0 _aMoscú era mi parroquia /
_cGeorges Bissonnette ; [traducción de Fernando Trías Beristaín].
260 _aBarcelona :
_bJano,
_c1958 (
_fBallesteros)
300 _a287 p. ;
_c20 cm.
700 1 _aTrias Beristain, Fernando.
_9111371
852 _aES-MaACL
_jC-15773
_bR.43898
999 _c33716
_d33716